Local structural transformations in copper crystallites under nanoindentation; Technical Physics Letters; Vol. 38, iss. 7
| Parent link: | Technical Physics Letters: Scientific Journal Vol. 38, iss. 7.— 2012.— [P. 634–637] |
|---|---|
| Autore principale: | |
| Altri autori: | , |
| Riassunto: | Title screen A molecular-dynamic simulation of the response of a copper crystallite at the atomic level at local contact interaction has been performed. The calculation results have shown that plastic deformation is nucleated and developed according to the mechanism of generation of local structural transformations, which, in turn, give rise to higher level defects (dislocations, stacking faults, interfaces, etc.). During loading, the formed structural defects pass from the contact region into the crystallite bulk and, when emerging on the free surface, change its shape. Режим доступа: по договору с организацией-держателем ресурса |
| Lingua: | inglese |
| Pubblicazione: |
2012
|
| Soggetti: | |
| Accesso online: | http://dx.doi.org/10.1134/S1063785012070115 |
| Natura: | MixedMaterials Elettronico Capitolo di libro |
| KOHA link: | https://koha.lib.tpu.ru/cgi-bin/koha/opac-detail.pl?biblionumber=654532 |
MARC
| LEADER | 00000naa0a2200000 4500 | ||
|---|---|---|---|
| 001 | 654532 | ||
| 005 | 20250312141155.0 | ||
| 035 | |a (RuTPU)RU\TPU\network\20154 | ||
| 035 | |a RU\TPU\network\19999 | ||
| 090 | |a 654532 | ||
| 100 | |a 20170502d2012 k||y0rusy50 ba | ||
| 101 | 0 | |a eng | |
| 135 | |a drcn ---uucaa | ||
| 181 | 0 | |a i | |
| 182 | 0 | |a b | |
| 200 | 1 | |a Local structural transformations in copper crystallites under nanoindentation |f S. G. Psakhie, D. S. Kryzhevich, K. P. Zolnikov | |
| 203 | |a Text |c electronic | ||
| 300 | |a Title screen | ||
| 320 | |a [References: p. 636-637 (13 tit.)] | ||
| 330 | |a A molecular-dynamic simulation of the response of a copper crystallite at the atomic level at local contact interaction has been performed. The calculation results have shown that plastic deformation is nucleated and developed according to the mechanism of generation of local structural transformations, which, in turn, give rise to higher level defects (dislocations, stacking faults, interfaces, etc.). During loading, the formed structural defects pass from the contact region into the crystallite bulk and, when emerging on the free surface, change its shape. | ||
| 333 | |a Режим доступа: по договору с организацией-держателем ресурса | ||
| 461 | |t Technical Physics Letters |o Scientific Journal | ||
| 463 | |t Vol. 38, iss. 7 |v [P. 634–637] |d 2012 | ||
| 610 | 1 | |a электронный ресурс | |
| 610 | 1 | |a труды учёных ТПУ | |
| 610 | 1 | |a локальные превращения | |
| 610 | 1 | |a медь | |
| 700 | 1 | |a Psakhie |b S. G. |c physicist |c head of laboratory, Advisor to the rector, head of Department, Tomsk Polytechnic University, doctor of physico-mathematical Sciences |f 1952- |g Sergey Grigorievich |3 (RuTPU)RU\TPU\pers\33038 | |
| 701 | 1 | |a Kryzhevich |b D. S. | |
| 701 | 1 | |a Zolnikov |b K. P. | |
| 801 | 2 | |a RU |b 63413507 |c 20170502 |g RCR | |
| 856 | 4 | |u http://dx.doi.org/10.1134/S1063785012070115 | |
| 942 | |c CF | ||